Republic of Poland : 2020 Article IV Consultation-Press Release; Staff Report; and Statement by the Executive Director for the Republic of Poland.

After a long period of uninterrupted growth, Poland is experiencing a pandemic-induced recession, though strong policy actions have limited the damage. The economy rebounded strongly in the third quarter of 2020, but the second wave of the virus has delayed the recovery. A strong and effective polic...

Celý popis

Podrobná bibliografie
Korporativní autor: International Monetary Fund. European Dept
Médium: Časopis
Jazyk:English
Vydáno: Washington, D.C. : International Monetary Fund, 2021.
Edice:IMF Staff Country Reports; Country Report ; No. 2021/035
Témata:
On-line přístup:Full text available on IMF
LEADER 02222cas a2200289 a 4500
001 AALejournalIMF021506
008 230101c9999 xx r poo 0 0eng d
020 |c 5.00 USD 
020 |z 9781513568577 
022 |a 1934-7685 
040 |a BD-DhAAL  |c BD-DhAAL 
110 2 |a International Monetary Fund.  |b European Dept. 
245 1 0 |a Republic of Poland :   |b 2020 Article IV Consultation-Press Release; Staff Report; and Statement by the Executive Director for the Republic of Poland. 
264 1 |a Washington, D.C. :  |b International Monetary Fund,  |c 2021. 
300 |a 1 online resource (88 pages) 
490 1 |a IMF Staff Country Reports 
500 |a <strong>Off-Campus Access:</strong> No User ID or Password Required 
500 |a <strong>On-Campus Access:</strong> No User ID or Password Required 
506 |a Electronic access restricted to authorized BRAC University faculty, staff and students 
520 3 |a After a long period of uninterrupted growth, Poland is experiencing a pandemic-induced recession, though strong policy actions have limited the damage. The economy rebounded strongly in the third quarter of 2020, but the second wave of the virus has delayed the recovery. A strong and effective policy response has supported economic activity and prevented destructive losses of employment and bankruptcies. Following the recession in 2020, Poland is well positioned for recovery. The pandemic will remain a constraint until the assumed administration of vaccines over the course of 2021. Resiliency in the corporate sector and labor markets, aided by strong policy support, should foster a strong rebound. Sizeable new EU grants would also facilitate an increase in investment and boost growth. The course of the pandemic and ultimate success of vaccines remains a fundamental risk. 
538 |a Mode of access: Internet 
650 7 |a International Agreements and Observance  |2 imf 
650 7 |a International Organizations  |2 imf 
650 7 |a Monetary Policy  |2 imf 
651 7 |a Poland, Republic of  |2 imf 
830 0 |a IMF Staff Country Reports; Country Report ;  |v No. 2021/035 
856 4 0 |z Full text available on IMF  |u http://elibrary.imf.org/view/journals/002/2021/035/002.2021.issue-035-en.xml  |z IMF e-Library